| 000 | 00392nam a22001577a 4500 | ||
|---|---|---|---|
| 003 | CEME | ||
| 005 | 20210628205439.0 | ||
| 008 | 210316b xxu||||| |||| 00| 0 eng d | ||
| 040 | _c. | ||
| 082 | _a954.91 RES'N | ||
| 100 |
_aNadeem Shafiq Malik _91000 |
||
| 245 | _aResearch papers on pakistan | ||
| 260 |
_aISLAMABAD _bNATIONAL BOOK FOUNDATION _c1998 |
||
| 300 | _a679P | ||
| 942 |
_cBK _2ddc |
||
| 999 |
_c580987 _d580987 |
||